00716cam a2200205 a 450000100100000000500170001000800410002703500190006804000300008708200230011710000420014024500890018226000580027130000280032949000410035765000180039865000220041670000290043883000430046700000842820200929161336.0930121s1990 cu a 000 f spa  a(DLC) 93106011 aDO-SdBNPcDLCdDLCdBNPHU aCu863.44bR6962ú1 aRodríguez Cruz, Juan Carlos,d1943-13aEl último retorno /cJuan Carlos Rodríguez Cruz ; edición, Olga Marta Pérez. aCiudad de La Habana, Cuba :bCapitan San Luis,c1990. a243 p. :bil. ;c18 cm.1 aAniversario de la Revoluciónv1988 4aNovela cubana 4aLiteratura cubana1 aPérez, Olga Martaeed. 0aAniversario de la Revolución ;v1988